|
|
|
|
| LEADER |
00000nam0a2200000 4500 |
| 001 |
75061 |
| 005 |
20231031090220.0 |
| 035 |
|
|
|a (RuTPU)RU\TPU\book\80039
|
| 090 |
|
|
|a 75061
|
| 100 |
|
|
|a 20050317d1984 k y0rusy50 ca
|
| 101 |
0 |
|
|a rus
|
| 102 |
|
|
|a RU
|
| 105 |
|
|
|a a z 001zy
|
| 200 |
1 |
|
|a Вакуумметрическая аппаратура техники высокого вакуума и течеискания
|f В. В. Кузьмин, Л. Е. Левина, И. В. Творогов
|
| 210 |
|
|
|a Москва
|c Энергоатомиздат
|d 1984
|
| 215 |
|
|
|a 240 с.
|c ил.
|
| 320 |
|
|
|a Библиогр.: с. 229-237.
|
| 610 |
1 |
|
|a вакуумметры
|
| 610 |
1 |
|
|a вакуумная аппаратура
|
| 610 |
1 |
|
|a вакуум
|
| 610 |
1 |
|
|a разработка
|
| 610 |
1 |
|
|a эксплуатация
|
| 610 |
1 |
|
|a вакуумметрическая аппаратура
|
| 675 |
|
|
|a 531.7
|v 3
|
| 700 |
|
1 |
|a Кузьмин
|b В. В.
|g Валерий Васильевич
|
| 701 |
|
1 |
|a Левина
|b Л. Е.
|g Любовь Ефремовна
|
| 701 |
|
1 |
|a Творогов
|b И. В.
|g Игорь Викторович
|
| 801 |
|
1 |
|a RU
|b 63413507
|c 20050317
|g PSBO
|
| 801 |
|
2 |
|a RU
|b 63413507
|c 20140320
|g PSBO
|
| 942 |
|
|
|c BK
|